000 00871cab a22002175a 4500
001 L148620
008 091013s2009 xxkd f 000 0 eng d
035 _a(Sirsi) u148620
041 0 _aeng
110 2 _aAsia Property
_95589
245 0 0 _aTrade slump hits Chinese logistics sector
260 _c2009
490 0 _aAsia Property
_vSeptember 2009, 26(1)
520 _aShrinking global trade has hit the logistics and industrial property sector in China's major cities in second quarter 2009. Sydney's shopping centres have come off relatively unscathed in the economic downturn compared to its high street retail sector. Table covers prime Asian rents and yields Q2 2009.
590 _aKA
651 4 _aChina
651 4 _aAustralia
651 4 _aAsia Pacific
690 _aPROPERTY-COMMERCIAL PROPERTY-COMMERCIAL PROPERTY FINANCE AND INVESTMENT
942 _n0
999 _c81909
_d81909